Gyerekek, halak, horgászverseny

Bibliographic Details
Main Author: Lőrincz, Tamás (Author)
Format: Article
Language:Hungarian
PhysicalDescription:Fotografie
ISSN:1336-3638
Subjects:

MARC

LEADER 00000nab a2200000 4500
001 vtls011871718
003 SK-MaSNL
005 20260318140242.0
008 190617|2019 xo |||| || ||00 0|hun
015 |a SNBRB2019/06 
040 |a DSZK  |b slo  |c DSZK  |e rda 
041 |a hun 
043 |a e-xo--- 
044 |a xo  |c SK 
072 7 |a 639.2/.6  |x Rybárstvo  |2 konspekt 
080 |a 639.2  |x (437.612)  |2 2011 
100 1 |a Lőrincz, Tamás  |4 aut  |9 1086843 
245 1 0 |a Gyerekek, halak, horgászverseny  |c Lőrincz Tamás 
300 |b Fotografie 
336 |a text  |b txt  |2 rdacontent 
337 |a bez média  |b n  |2 rdamedia 
338 |a zväzok  |b nc  |2 rdacarrier 
546 |a Dvojjazyčné vydanie 
611 2 7 |a Rybárske preteky detí  |d (2019 :  |c Dolný Štál, Slovensko)  |2 dszk  |9 1107463 
648 7 |a 2019  |2 dszk  |9 350886 
650 0 7 |a súťaže  |2 SNKPH  |9 3301 
651 7 |a Dolný Štál (Slovensko)  |2 SNKPHgeo  |9 79250 
773 0 |t Csallóköz  |g Évf. 59, sz. 24 (2019), o. 27  |x 1336-3638 
852 |a DSZK  |b KIS3GCP 
958 |a SK 
958 |a HU 
958 |a RG 
999 |c 1822521  |d 1824451